000 00523nam a2200181Ia 4500
008 100917s9999 xx 000 0 und d
082 _b9183
100 _aकाकोडकर चंद्रकांत
245 _aशूरा मी वंदिले
260 _b---
_c1965
300 _a156
365 _b5
520 _aकादंबरी
630 _aशूरा मी वंदिले
650 _aकादंबरी
730 _aशूरा मी वंदिले
942 _cBOOK
999 _c614577
_d614574